Hardest U.S Colleges/Universitys to Get Into - Statistics

General Stats
  • This quiz has been taken 135 times
  • The average score is 6 of 12
Answer Stats
Acceptance Rate (%) College % Correct
5.6 Harvard University
100%
7.1 Yale University
92%
7.4 Princeton University
89%
5.7 Stanford University
87%
8.2 Massachusetts Institute of Technology
80%
12.2 University of Pennsylvania
67%
10.6 California Institute of Technology
22%
8.8 University of Chicago
20%
7.4 Colombia University
12%
9.2 Brown University
8%
9.8 Dartmouth University
3%
12.7 Vanderbilt University
3%
No matching quizzes found
Score Distribution
Percent of People with Each Score
Percentile by Number Answered
Your Score History
You have not taken this quiz